Japan from prehistory to modern times / (Record no. 13120)
[ view plain ]
| 000 -LEADER | |
|---|---|
| fixed length control field | 00524nam a2200169 4500 |
| 020 ## - INTERNATIONAL STANDARD BOOK NUMBER | |
| ISBN | 4805302763 |
| 040 ## - CATALOGING SOURCE | |
| Transcribing agency | DLC |
| 082 ## - DEWEY DECIMAL CLASSIFICATION NUMBER | |
| Classification number | 952 TUT 1971 A101 Or. |
| 100 1# - MAIN ENTRY--AUTHOR NAME | |
| Personal name | Hall, John Whitney, |
| 245 10 - TITLE STATEMENT | |
| Title | Japan from prehistory to modern times / |
| 260 ## - PUBLICATION, DISTRIBUTION, ETC. (IMPRINT) | |
| Place of publication | Tokyo : |
| Name of publisher | Tuttle, |
| Year of publication | 1971. |
| 300 ## - PHYSICAL DESCRIPTION | |
| Number of Pages | xii, 397 p. : |
| Other physical details | ill., maps, ports. ; |
| Dimensions | 19 cm. |
| 490 0# - SERIES STATEMENT | |
| Series statement | Tut books. H |
| 500 ## - GENERAL NOTE | |
| General note | Translation from the German of: Das japanische Kaiserreich. |
| 500 ## - GENERAL NOTE | |
| General note | On cover, title also in Japanese: Nihon no rekishi. |
| 942 ## - ADDED ENTRY ELEMENTS (KOHA) | |
| Koha item type | សៀវភៅភាសាអង់គ្លេស |
| 952 ## - LOCATION AND ITEM INFORMATION (KOHA) | |
| Withdrawn status [LOCAL, KOHA] | 0 |
| Permanent Location | Date acquired | Koha item type | Lost status | Shelving location | Barcode | Current Location | Full call number |
|---|---|---|---|---|---|---|---|
| Library Block A | 2017-08-30 | សៀវភៅភាសាអង់គ្លេស | A102 | A16537 | Library Block A | 952 TUT 1971 A102 Or. |